Introduction to elastic wave propagation / (Record no. 544287)
[ view plain ]
| 000 -LEADER | |
|---|---|
| fixed length control field | 00599cam a2200181 a 4500 |
| 020 ## - INTERNATIONAL STANDARD BOOK NUMBER | |
| International Standard Book Number | 047193884X : |
| 082 00 - DEWEY DECIMAL CLASSIFICATION NUMBER | |
| Classification number | 531.382 |
| Author Mark | BED |
| -- | L-N, P-25 |
| 100 1# - MAIN ENTRY--PERSONAL NAME | |
| Personal name | Bedford, A. |
| 9 (RLIN) | 39875 |
| 245 10 - TITLE STATEMENT | |
| Title | Introduction to elastic wave propagation / |
| Statement of responsibility, etc. | A. Bedford, D.S. Drumheller. |
| 260 ## - PUBLICATION, DISTRIBUTION, ETC. | |
| Place of publication, distribution, etc. | Chichester [England] ; |
| -- | New York : |
| Name of publisher, distributor, etc. | Wiley, |
| Date of publication, distribution, etc. | c1994. |
| 300 ## - PHYSICAL DESCRIPTION | |
| Extent | xiii, 297 p. : |
| Other physical details | ill. ; |
| Dimensions | 24 cm. |
| 526 ## - STUDY PROGRAM INFORMATION NOTE | |
| Program name | 0 |
| Interest level | 0 |
| Reading level | 0 |
| Title point value | 531_382000000000000_BED |
| 650 #0 - SUBJECT ADDED ENTRY--TOPICAL TERM | |
| Topical term or geographic name entry element | Elastic wave propagation. |
| 9 (RLIN) | 39876 |
| 650 #0 - SUBJECT ADDED ENTRY--TOPICAL TERM | |
| Topical term or geographic name entry element | MCE |
| 9 (RLIN) | 379 |
| 650 #0 - SUBJECT ADDED ENTRY--TOPICAL TERM | |
| Topical term or geographic name entry element | Wave motion, Theory of. |
| 9 (RLIN) | 39877 |
| 700 1# - ADDED ENTRY--PERSONAL NAME | |
| Personal name | Drumheller, D. S. |
| 9 (RLIN) | 39878 |
| 942 ## - ADDED ENTRY ELEMENTS (KOHA) | |
| Source of classification or shelving scheme | |
| Koha item type | Book |
| Withdrawn status | Lost status | Source of classification or shelving scheme | Damaged status | Not for loan | Permanent Location | Current Location | Date acquired | Total Checkouts | Full call number | Barcode | Date last seen | Price effective from | Koha item type |
|---|---|---|---|---|---|---|---|---|---|---|---|---|---|
| Military College of Engineering (MCE) | Military College of Engineering (MCE) | 04/16/2014 | 531.382 BED | MCE-44246 | 04/16/2014 | 04/16/2014 | Book |
